000 00341 a2200157 4500
001 56877
020 _a8508053150
040 _cAnchieta - Pituba
100 _aGaldino, Luiz
240 1 0 _aO brinquedo misterioso
_lpor
245 1 0 _aO brinquedo misterioso
300 _a77
362 0 _a2000
650 4 _aLiteratura juvenil
942 _cBK
999 _c56877
_d56877